Culture Générale - Série 2684 - Statistiques

Statistiques générales
  • Ce quiz a été pris 139 fois
  • Le résultat moyen est 4 sur 10
Statistiques - réponses
Question Réponse % Correct
Comment appelle-t-on familièrement un surveillant dans un collège ou lycée ? pion
97%
Souvent à tort « bâtonnet de crabe », est un produit alimentaire réalisé à base de chair ou de pâte de poisson surimi
78%
Quelle est la capitale de la Jordanie ? Amman
50%
Comment s'appelle l'endroit entre le paradis et l'enfer ? purgatoire
41%
Tarte à l'oignon garnie d'olives préparée avec de la pâte à pain à la façon d'une pizza, cette spécialité de Nice est également agrémentée d'anchois pissaladière
37%
Marchandise sans valeur - Mauvais film. nanar
23%
Dans l'Antiquité, espèce de voile dont on couvrait la tête et le visage des morts. · 2. Littéraire. Linge dans lequel on ensevelit un mort ; linceul. suaire
23%
Qui est souffrant, en mauvaise forme - 8 lettres commençant par "p" patraque
19%
Dans le catholicisme, ce mot au pluriel désigne un état de l'au-delà situé aux marges de l'enfer. Par extension,il désigne un état intermédiaire et flou. limbes
17%
Marque laissée sur la peau (par une plaie, une maladie).8 lettres commençant par "s" stigmate
15%
Aucun quiz correspondant
Distribution des résultats
% des personnes avec chaque résultat
Percentile par nombre de réponses
Votre historique - résultats
Vous n’avez pas pris ce quiz